000 00704nam a2200289Ia 4500
005 20260324145041.0
008 008 260324s9999 xx 000 0 eng d
020 _a9781003279402
037 _aEBOOK
040 _aCRL
040 _beng
040 _cCRL
041 _2eng
041 _aeng
084 _qCRL
100 _aGeorge Jones; Kieron Walsh; Stewart Ranson
_91221568
245 0 _aBetween Centre and Locality
245 4 _bThe Politics of Public Policy
260 _bTaylor and Francis
260 _c1985
365 _a
365 _b205
856 _uhttp://www.taylorfrancis.com/books/9781003279402
942 _cEBOOK
999 _c1828952
_d1828952